LEADER 01267nam a2200277 i 4500 001 000000055568 003 CaOOAMICUS 005 20131113000000.0 008 131113s1997 xx u000 u ger u 013 $a26740 020 $a3-451-02167-6 040 $aSeMil$bita 245 10$aGott - mehr als Ethik :$bder Streit um LER und Religionsunterricht /$cAlbert Biesinger ... [et al.] ; hrsg. von Albert Biesinger und Joachim Hänle. 260 $aFreiburg ; Basel ; Wien :$bHerder,$c1997. 300 $a188 p. ;$c22 cm. 490 0 $aQuaestiones disputatae ;$v167 650 4$aReligione - Insegnamento.$0(OLS)http://semarc/subject/3342 700 1 $aHänle, Joachim.$0(OLS)http://semarc/name/27943 700 1 $aBiesinger, Albert.$0(OLS)http://semarc/name/24856 830 0$aQuaestiones disputatae ;$v167.$0(OLS)http://semarc/title/436628 850 $aSeMil 852 $aSeMil$W1$xVenegono$y1$m2M I 519$j21722$B21722$CSeMilBibl$Z2$F21724 $81 961 $aAcquisto: Casa editrice 996 $6020$a3-451-02167-6$9(OLS)http://semarc/number/30648 996 $6245$aGott - mehr als Ethik :$bder Streit um LER und Religionsunterricht$9(OLS)http://semarc/title/86206 996 $6260$aFreiburg ; Basel ; Wien :$bHerder$9(OLS)http://semarc/publisher/29643 LEADER 01400nam a2200253 i 4500 001 000000065725 003 CaOOAMICUS 005 20131115000000.0 008 131115n it u000 u ita u 013 $a36897 040 $aSeMil$bita 100 1 $aVanni Rovighi, Sofia,$d<1908-1990>.$0(OLS)http://semarc/name/635 245 10$aAppunti delle lezioni di filosofia morale :$bla filosofia morale di Malebranche, l'etica di Spinoza, breve introduzione all'etica nicomachea. Anno Accademico 1958-1959 /$cSofia Vanni-Rovighi, Sac. Leonardo Verga. 260 $a[S.l. :$bs.n.],$c199?] 300 $a167 p. ;$c25 cm. 500 $aContiene : Bibliografia ; Cenni biografici su Nicolas Malebranche. 600 14$aMalebranche, Nicolas : de <1638-1715>.$0(OLS)http://semarc/subject/1220 600 04$aAristotele <384-322 a.C.>.$0(OLS)http://semarc/subject/1987 600 14$aSpinoza, Benedetto <1632-1677>.$0(OLS)http://semarc/subject/906 700 1 $aVerga, Leonardo <1924-2004>.$0(OLS)http://semarc/name/8446 850 $aSeMil 852 $aSeMil$W1$xVenegono$y1$m2N I 217$j31878$B31878$CSeMilBibl$Z2$F31881 $81 996 $6245$aAppunti delle lezioni di filosofia morale :$bla filosofia morale di Malebranche, l'etica di Spinoza, breve introduzione all'etica nicomachea. Anno Accademico 1958-1959$9(OLS)http://semarc/title/104365 996 $6260$a[S.l. :$bs.n.]$9(OLS)http://semarc/publisher/29751